00735nam a22002417a 450000500170000000800410001702000180005804000070007604100120008308200180009510000170011324500250013025000070015526000550016230000340021736500520025165000430030365000190034665000370036565000450040265000270044770000190047420231124162908.0231124b ||||| |||| 00| 0 eng d a9789357475174 cAL aEnglish 223a650bHANB aV Basil Hans aBusiness Environment a1. bSelfypage Developers Pvt Ltdc2023aChikkamagaluru avii,210 p.bPBc25.5x17.7 cm. a027b₹273.00c₹d₹390.00e30%f21-11-2023 aEconomic and Technological Environment aIndian Economy aPolitical and Social Environment aHuman Resources and Economic Development aForeign Trade in India aHANS (V Basil)